01721nam a2200361Ia 4500001001200000003000800012006001900020007001500039008004100054010001700095020001500112020002500127040002100152035002000173050002100193082001700214111004400231245015600275260005500431300002400486490014000510500008200650504005100732533015200783650004300935650003700978655002901015700002201044710001701066830013101083856012601214999001901340ebr10075862CaPaEBRm u cr cn|||||||||041026s2004 ne a sb 101 0 eng d z 2004062362 z1588116182 z9027247749 (hd. bd.) aCaPaEBRcCaPaEBR a(OCoLC)7077407314aP98b.R36 2003eb04a410/.2852222 aRANLP 2003d(2003 :cSamokov, Bulgaria)10aRecent advances in natural language processing IIIh[electronic resource] :bselected papers from RANLP 2003 /cedited by Nicolas Nicolov ... [et al.]. aAmsterdam ;aPhiladelphia :bJ. Benjamins,cc2004. axii, 402 p. :bill.1 aAmsterdam studies in the theory and history of linguistic science. Series IV, Current issues in linguistic theory,x0304-0763 ;vv. 260 aPapers from the RANLP conference held Sept. 10-12, 2003 in Samokov, Bulgaria. aIncludes bibliographical references and index. aElectronic reproduction.bPalo Alto, Calif. :cebrary,d2011.nAvailable via World Wide Web.nAccess may be limited to ebrary affiliated libraries. 0aComputational linguisticsvCongresses. 0aApplied linguisticsvCongresses. 7aElectronic books.2local1 aNicolov, Nicolas.2 aebrary, Inc. 0aAmsterdam studies in the theory and history of linguistic science.nSeries IV,pCurrent issues in linguistic theory ;vv. 260.40uhttp://site.ebrary.com/lib/rucke/Doc?id=10075862zAn electronic book accessible through the World Wide Web; click to view c155005d155005